000 00670nam a2200289Ia 4500
005 20260324145055.0
008 008 260324s9999 xx 000 0 eng d
020 _a9781003373995
037 _aEBOOK
040 _aCRL
040 _beng
040 _cCRL
041 _2eng
041 _aeng
084 _qCRL
100 _aA. M. Rees
_91221658
245 0 _aT. H. Marshall's Social Policy
245 0 _bIn the Twentieth Century
260 _bTaylor and Francis
260 _c1985
365 _a
365 _b145
856 _uhttp://www.taylorfrancis.com/books/9781003373995
942 _cEBOOK
999 _c1829071
_d1829071